[Event "20 ans"]
[Site "?"]
[Date "2016.10.22"]
[Round "7.4"]
[White "Azarov, Sergei"]
[Black "Antipov, Mikhail Al."]
[Result "1/2-1/2"]
[BlackElo "2557"]
[WhiteElo "2577"]
[LiveChessVersion "1.4.6"]

1. e4 {[%clk 1:30:57]} c5 {[%clk 1:30:04]} 2. Nf3 {[%clk 1:31:16]} Nc6
{[%clk 1:30:29]} 3. d4 {[%clk 1:31:29]} cxd4 {[%clk 1:30:53]} 4. Nxd4
{[%clk 1:31:22]} e6 {[%clk 1:31:18]} 5. Nc3 {[%clk 1:31:24]} Qc7 {[%clk 1:31:35]}
6. Be2 {[%clk 1:30:47]} a6 {[%clk 1:31:45]} 7. O-O {[%clk 1:30:38]} Nf6
{[%clk 1:31:51]} 8. Be3 {[%clk 1:30:36]} d6 {[%clk 1:31:01]} 9. f4
{[%clk 1:29:10]} Be7 {[%clk 1:30:42]} 10. Qe1 {[%clk 1:28:15]} Bd7
{[%clk 1:24:45]} 11. Qg3 {[%clk 1:25:11]} g6 {[%clk 1:19:24]} 12. Rad1
{[%clk 1:20:55]} O-O {[%clk 1:13:16]} 13. e5 {[%clk 0:59:34]} Ne8
{[%clk 1:11:38]} 14. Ne4 {[%clk 0:47:06]} dxe5 {[%clk 1:05:18]} 15. fxe5
{[%clk 0:45:25]} Nxd4 {[%clk 1:04:25]} 16. Bxd4 {[%clk 0:42:13]} Bc6
{[%clk 1:03:57]} 17. Nf6+ {[%clk 0:26:49]} Nxf6 {[%clk 1:03:20]} 18. exf6
{[%clk 0:27:15]} Bd6 {[%clk 0:49:06]} 19. Qh4 {[%clk 0:27:14]} Rfd8
{[%clk 0:49:30]} 20. Rd3 {[%clk 0:25:59]} Bf8 {[%clk 0:49:25]} 21. Rh3
{[%clk 0:22:21]} h6 {[%clk 0:48:43]} 22. c3 {[%clk 0:19:12]} Rd5 {[%clk 0:42:56]}
23. Rg3 {[%clk 0:14:31]} Rf5 {[%clk 0:26:37]} 24. Rxf5 {[%clk 0:09:20]} exf5
{[%clk 0:27:06]} 25. Re3 {[%clk 0:08:56]} Be4 {[%clk 0:26:09]} 26. Bf3
{[%clk 0:08:41]} Bxf3 {[%clk 0:26:28]} 27. gxf3 {[%clk 0:08:30]} h5
{[%clk 0:26:34]} 28. Qe1 {[%clk 0:08:26]} Qc6 {[%clk 0:24:00]} 29. Kg2
{[%clk 0:08:23]} Bd6 {[%clk 0:22:31]} 30. Qe2 {[%clk 0:08:04]} Kh7
{[%clk 0:22:10]} 31. Qc2 {[%clk 0:07:25]} Rf8 {[%clk 0:21:24]} 32. Qb3
{[%clk 0:06:38]} g5 {[%clk 0:18:42]} 33. Re7 {[%clk 0:06:07]} Kg6
{[%clk 0:19:11]} 34. Qxb7 {[%clk 0:06:06]} Qc4 {[%clk 0:17:16]} 35. Qd7
{[%clk 0:05:03]} Bf4 {[%clk 0:09:32]} 36. Re8 {[%clk 0:03:31]} h4
{[%clk 0:02:10]} 37. Rxf8 {[%clk 0:01:11]} Qe2+ {[%clk 0:02:35]} 38. Bf2
{[%clk 0:01:35]} h3+ {[%clk 0:03:01]} 39. Kg1 {[%clk 0:01:58]} Bxh2+
{[%clk 0:03:25]} 40. Kxh2 {[%clk 0:02:24]} Qxf2+ {[%clk 0:03:50]} 41. Kxh3
{[%clk 0:02:49]} Qxf3+ {[%clk 0:04:15]} 42. Kh2 {[%clk 0:03:14]} Qf2+
{[%clk 0:04:42]} 43. Kh1 {[%clk 0:03:40]} Qf1+ {[%clk 0:05:07]} 44. Kh2
{[%clk 0:04:06]} Qf2+ {[%clk 0:05:25]} 45. Kh1 {[%clk 0:04:31]} Qf1+
{[%clk 0:05:51]} 46. Kh2 {[%clk 0:04:58]} Qf2+ 1/2-1/2

[Event "20 ans"]
[Site "?"]
[Date "2016.10.22"]
[Round "7.5"]
[White "Leenhouts, Koen"]
[Black "Delorme, Axel"]
[Result "1-0"]
[BlackElo "2513"]
[WhiteElo "2499"]
[LiveChessVersion "1.4.6"]

1. e4 {[%clk 1:30:56]} e5 {[%clk 1:30:55]} 2. Nf3 {[%clk 1:31:18]} Nc6
{[%clk 1:31:21]} 3. Bb5 {[%clk 1:30:00]} a6 {[%clk 1:30:48]} 4. Ba4
{[%clk 1:30:20]} Nf6 {[%clk 1:31:12]} 5. O-O {[%clk 1:29:25]} Be7
{[%clk 1:31:11]} 6. Re1 {[%clk 1:29:46]} b5 {[%clk 1:31:11]} 7. Bb3
{[%clk 1:30:10]} d6 {[%clk 1:31:37]} 8. c3 {[%clk 1:30:33]} O-O {[%clk 1:31:37]}
9. d4 {[%clk 1:30:57]} Bg4 {[%clk 1:31:23]} 10. Be3 {[%clk 1:31:18]} Bh5
{[%clk 1:27:14]} 11. h3 exd4 {[%clk 1:27:21]} 12. cxd4 {[%clk 1:30:53]} Na5
{[%clk 1:27:30]} 13. Bc2 {[%clk 1:31:12]} Nc4 {[%clk 1:27:53]} 14. Bc1
{[%clk 1:31:32]} c5 {[%clk 1:28:05]} 15. b3 {[%clk 1:29:09]} Nb6 {[%clk 1:28:24]}
16. Nbd2 {[%clk 1:27:26]} cxd4 {[%clk 1:21:32]} 17. Bb2 {[%clk 1:27:23]} Nfd7
{[%clk 1:18:42]} 18. g4 {[%clk 1:23:04]} d3 {[%clk 1:14:46]} 19. Bxd3
{[%clk 1:19:23]} Bg6 {[%clk 1:15:09]} 20. Nd4 {[%clk 1:12:03]} Ne5
{[%clk 1:13:49]} 21. Bf1 {[%clk 1:08:54]} Bg5 {[%clk 1:10:38]} 22. N2f3
{[%clk 1:05:52]} Bf4 {[%clk 1:08:50]} 23. Nxe5 {[%clk 0:59:51]} dxe5
{[%clk 1:08:19]} 24. Nf5 {[%clk 0:55:26]} Bxf5 {[%clk 0:32:25]} 25. exf5
{[%clk 0:55:22]} Qc7 {[%clk 0:29:11]} 26. Qf3 {[%clk 0:54:45]} Rfd8
{[%clk 0:24:32]} 27. Rad1 {[%clk 0:54:26]} Rxd1 {[%clk 0:19:00]} 28. Rxd1
{[%clk 0:54:29]} Rd8 {[%clk 0:18:14]} 29. Qb7 {[%clk 0:51:05]} e4
{[%clk 0:10:47]} 30. Rxd8+ {[%clk 0:48:48]} Qxd8 {[%clk 0:11:15]} 31. Qxe4
{[%clk 0:49:05]} Bc7 {[%clk 0:11:12]} 32. f6 {[%clk 0:40:57]} gxf6
{[%clk 0:11:03]} 33. Bd3 {[%clk 0:41:01]} Qd6 {[%clk 0:11:20]} 34. Qxh7+
{[%clk 0:40:51]} Kf8 {[%clk 0:11:47]} 35. Qh6+ {[%clk 0:40:54]} Ke7
{[%clk 0:12:02]} 36. Qe3+ {[%clk 0:39:33]} Kf8 {[%clk 0:11:59]} 37. Be4
{[%clk 0:37:48]} Nd7 {[%clk 0:11:34]} 38. Bd4 {[%clk 0:37:24]} Kg7
{[%clk 0:02:20]} 39. g5 {[%clk 0:33:45]} Qh2+ {[%clk 0:02:27]} 40. Kf1
{[%clk 0:34:11]} Be5 {[%clk 0:01:17]} 41. gxf6+ {[%clk 0:34:19]} Kxf6
{[%clk 0:01:30]} 42. Bc6 {[%clk 0:31:32]} Nf8 {[%clk 0:00:34]} 43. f4
{[%clk 0:26:16]} Bxd4 {[%clk 0:00:44]} 44. Qxd4+ {[%clk 0:26:40]} Kg6
{[%clk 8:00:36]} 45. Be4+ {[%clk 0:26:58]} f5 {[%clk 0:00:55]} 46. Bxf5+
{[%clk 0:27:17]} Kxf5 {[%clk 0:01:13]} 47. Qe5+ {[%clk 0:27:41]} Kg6
{[%clk 0:01:39]} 1-0

[Event "20 ans"]
[Site "?"]
[Date "2016.10.22"]
[Round "7.6"]
[White "Meskovs, Nikita"]
[Black "Skomorokhin, Roman"]
[Result "1/2-1/2"]
[BlackElo "2399"]
[WhiteElo "2483"]
[LiveChessVersion "1.4.6"]

1. c4 {[%clk 1:30:43]} e5 {[%clk 1:29:37]} 2. Nc3 {[%clk 1:31:04]} Nc6
{[%clk 1:29:55]} 3. g3 {[%clk 1:31:21]} Bc5 {[%clk 1:30:09]} 4. Bg2
{[%clk 1:31:08]} a6 {[%clk 1:27:51]} 5. e3 {[%clk 1:31:32]} d6 {[%clk 1:28:08]}
6. Nge2 {[%clk 1:29:35]} Ba7 {[%clk 1:28:21]} 7. Nd5 {[%clk 1:24:05]} Nf6
{[%clk 1:16:04]} 8. b4 {[%clk 1:15:36]} Nxd5 {[%clk 1:14:13]} 9. cxd5
{[%clk 1:15:54]} Ne7 {[%clk 1:14:28]} 10. Bb2 {[%clk 1:15:35]} c6
{[%clk 1:12:49]} 11. d4 {[%clk 1:12:33]} Nxd5 {[%clk 1:09:57]} 12. dxe5
{[%clk 1:09:27]} dxe5 {[%clk 1:09:54]} 13. Bxe5 {[%clk 1:06:45]} O-O
{[%clk 1:06:48]} 14. a3 {[%clk 1:05:01]} Bg4 {[%clk 0:59:06]} 15. Bd4
{[%clk 0:59:53]} Bxe2 {[%clk 0:49:24]} 16. Kxe2 {[%clk 1:00:06]} Qg5
{[%clk 0:49:25]} 17. h4 {[%clk 0:51:57]} Qg4+ {[%clk 0:44:23]} 18. Ke1
{[%clk 0:51:30]} Qf5 {[%clk 0:41:08]} 19. Bxa7 {[%clk 0:45:07]} Rxa7
{[%clk 0:41:24]} 20. Qd4 {[%clk 0:45:29]} Raa8 {[%clk 0:41:29]} 21. Be4
{[%clk 0:45:33]} Qe6 {[%clk 0:38:03]} 22. Bxd5 {[%clk 0:42:41]} cxd5
{[%clk 0:38:26]} 23. Ke2 {[%clk 0:40:29]} Rac8 {[%clk 0:37:04]} 24. Rhd1
{[%clk 0:38:13]} Rc2+ {[%clk 0:35:29]} 25. Rd2 {[%clk 0:33:21]} Rxd2+
{[%clk 0:33:47]} 26. Kxd2 {[%clk 0:33:01]} Rc8 {[%clk 0:33:47]} 27. Rc1
{[%clk 0:26:27]} Rxc1 {[%clk 0:33:08]} 28. Kxc1 {[%clk 0:26:54]} h5
{[%clk 0:31:58]} 29. Kd2 {[%clk 0:26:41]} b5 {[%clk 0:28:44]} 30. Qf4
{[%clk 0:24:57]} g6 {[%clk 0:28:41]} 31. Qb8+ {[%clk 0:25:15]} Kh7
{[%clk 0:28:32]} 32. Qf8 {[%clk 0:24:35]} Qf5 {[%clk 0:26:53]} 33. f4
{[%clk 0:24:01]} Qe6 {[%clk 0:26:20]} 34. Kd3 {[%clk 0:23:53]} Qe4+
{[%clk 0:26:10]} 35. Kd2 {[%clk 0:24:18]} Qe6 {[%clk 0:26:09]} 36. Kd3
{[%clk 0:24:32]} Qe4+ {[%clk 0:26:31]} 37. Kd2 {[%clk 0:24:56]} Qe6 1/2-1/2

[Event "20 ans"]
[Site "?"]
[Date "2016.10.22"]
[Round "7.7"]
[White "Mikhalevski, Victor"]
[Black "Lagarde, Maxime"]
[Result "1/2-1/2"]
[BlackElo "2593"]
[WhiteElo "2523"]
[LiveChessVersion "1.4.6"]

1. Nf3 {[%clk 1:30:57]} f5 {[%clk 1:19:58]} 2. b3 {[%clk 1:30:57]} d6
{[%clk 1:19:24]} 3. d4 {[%clk 1:31:12]} Nf6 {[%clk 1:18:55]} 4. Bb2
{[%clk 1:31:34]} g6 {[%clk 1:19:20]} 5. e3 {[%clk 1:30:35]} Bg7 {[%clk 1:19:38]}
6. Be2 {[%clk 1:28:05]} O-O {[%clk 1:19:07]} 7. O-O {[%clk 1:28:16]} c6
{[%clk 1:15:17]} 8. c4 {[%clk 1:23:39]} Kh8 {[%clk 1:07:16]} 9. Nc3
{[%clk 1:17:23]} Be6 {[%clk 1:06:38]} 10. Qc2 {[%clk 1:14:04]} Nbd7
{[%clk 1:02:38]} 11. Rad1 {[%clk 1:13:44]} Bg8 {[%clk 0:57:47]} 12. e4
{[%clk 1:06:48]} fxe4 {[%clk 0:51:21]} 13. Nxe4 {[%clk 1:07:06]} Nxe4
{[%clk 0:46:22]} 14. Qxe4 {[%clk 1:07:22]} a5 {[%clk 0:45:52]} 15. Qc2
{[%clk 0:24:18]} e6 {[%clk 0:39:54]} 16. Ba3 {[%clk 0:20:35]} Qe7
{[%clk 0:39:17]} 17. Rfe1 {[%clk 0:16:09]} Nf6 {[%clk 0:32:58]} 18. Bf1
{[%clk 0:15:44]} Nh5 {[%clk 0:31:03]} 19. Nd2 {[%clk 0:12:52]} b5
{[%clk 0:17:09]} 20. Ne4 {[%clk 0:11:50]} b4 {[%clk 0:17:28]} 21. Bc1
{[%clk 0:11:53]} d5 {[%clk 0:14:02]} 22. Ng5 {[%clk 0:08:48]} Nf6
{[%clk 0:11:14]} 23. f4 {[%clk 0:05:31]} c5 {[%clk 0:08:23]} 24. dxc5
{[%clk 0:05:44]} Qxc5+ {[%clk 0:08:33]} 25. Be3 {[%clk 0:05:50]} Qc7
{[%clk 0:08:39]} 26. Bd4 {[%clk 0:04:00]} Qxf4 {[%clk 0:07:20]} 27. Nxe6
{[%clk 0:04:19]} Bxe6 {[%clk 0:07:31]} 28. Rxe6 {[%clk 0:04:45]} dxc4
{[%clk 0:06:51]} 29. Bxc4 {[%clk 0:04:09]} Rad8 {[%clk 0:04:51]} 30. g3
{[%clk 0:02:40]} Qg4 {[%clk 0:03:27]} 31. Qd3 {[%clk 0:01:51]} Rxd4
{[%clk 0:02:02]} 32. Qxd4 {[%clk 0:02:06]} Ne4 {[%clk 0:02:29]} 33. Re5
{[%clk 0:01:14]} Qf3 {[%clk 0:01:10]} 34. Rf1 {[%clk 0:01:13]} Nf2
{[%clk 0:00:42]} 35. Rxf2 {[%clk 0:00:43]} Qxf2+ {[%clk 0:01:04]} 36. Qxf2
{[%clk 0:01:10]} Rxf2 {[%clk 0:01:32]} 37. Rxa5 {[%clk 0:01:07]} Bd4
{[%clk 0:01:36]} 38. Kh1 {[%clk 0:01:36]} Kg7 {[%clk 0:01:00]} 39. a4
{[%clk 0:01:56]} bxa3 {[%clk 0:01:13]} 40. Rxa3 {[%clk 0:02:24]} Rb2
{[%clk 0:01:18]} 41. Ra5 {[%clk 0:02:39]} Rb1+ {[%clk 0:01:18]} 42. Kg2
{[%clk 0:03:06]} Rb2+ {[%clk 0:01:44]} 43. Kh1 {[%clk 0:02:50]} Rb1+
{[%clk 0:02:10]} 44. Kg2 {[%clk 0:03:16]} Rb2+ {[%clk 0:02:39]} 45. Kh1
{[%clk 0:01:29]} Rb1+ {[%clk 0:03:05]} 46. Kg2 {[%clk 0:01:55]} Rb2+ 1/2-1/2

[Event "20 ans"]
[Site "?"]
[Date "2016.10.22"]
[Round "7.8"]
[White "Onischuk, Vladimir"]
[Black "Donchenko, Alexander"]
[Result "1-0"]
[BlackElo "2581"]
[WhiteElo "2602"]
[LiveChessVersion "1.4.6"]

1. e4 {[%clk 1:30:51]} c6 {[%clk 1:30:50]} 2. d4 {[%clk 1:31:04]} d5
{[%clk 1:31:10]} 3. Nc3 {[%clk 1:30:43]} dxe4 {[%clk 1:31:24]} 4. Nxe4
{[%clk 1:31:09]} Bf5 {[%clk 1:31:40]} 5. Ng3 {[%clk 1:31:14]} Bg6
{[%clk 1:32:02]} 6. c3 {[%clk 1:30:53]} e6 {[%clk 1:32:04]} 7. Nh3
{[%clk 1:30:54]} c5 {[%clk 1:32:13]} 8. Qb3 {[%clk 1:19:04]} Qb6 {[%clk 1:32:12]}
9. Qxb6 {[%clk 1:08:57]} axb6 {[%clk 1:32:35]} 10. dxc5 {[%clk 1:09:14]} bxc5
{[%clk 1:32:51]} 11. Nf4 {[%clk 1:09:23]} Bc2 {[%clk 1:27:41]} 12. Bb5+
{[%clk 1:00:49]} Nd7 {[%clk 1:27:06]} 13. a4 {[%clk 0:58:00]} O-O-O
{[%clk 1:14:14]} 14. Kd2 {[%clk 0:44:51]} Bg6 {[%clk 0:57:06]} 15. Ke2
{[%clk 0:41:42]} Ngf6 {[%clk 0:48:54]} 16. Nxg6 {[%clk 0:35:53]} hxg6
{[%clk 0:49:18]} 17. Bg5 {[%clk 0:36:17]} Be7 {[%clk 0:48:22]} 18. a5
{[%clk 0:35:30]} Nd5 {[%clk 0:39:17]} 19. Bxe7 {[%clk 0:32:18]} Nxe7
{[%clk 0:39:42]} 20. Ne4 {[%clk 0:30:32]} Nf6 {[%clk 0:39:29]} 21. Ng5
{[%clk 0:23:59]} Rhf8 {[%clk 0:31:17]} 22. a6 {[%clk 0:18:00]} Kc7
{[%clk 0:31:08]} 23. axb7 {[%clk 0:16:08]} Kxb7 {[%clk 0:31:05]} 24. g3
{[%clk 0:15:26]} Nfd5 {[%clk 0:28:47]} 25. Rhd1 {[%clk 0:14:41]} Nf5
{[%clk 0:27:27]} 26. Bc4 {[%clk 0:08:49]} Rb8 {[%clk 0:15:59]} 27. Nxf7
{[%clk 0:03:55]} Kc8 {[%clk 0:10:29]} 28. Ne5 {[%clk 0:03:35]} Rxb2+
{[%clk 0:10:43]} 29. Ke1 {[%clk 0:03:25]} Rh8 {[%clk 0:07:58]} 30. Ra8+
{[%clk 0:01:54]} Rb8 {[%clk 0:08:26]} 31. Ra7 {[%clk 0:01:21]} Rb6
{[%clk 0:07:16]} 32. Ra8+ {[%clk 0:00:48]} Rb8 {[%clk 0:07:45]} 33. Rxb8+
{[%clk 0:01:11]} Kxb8 {[%clk 0:08:12]} 34. Bxd5 {[%clk 0:01:06]} exd5
{[%clk 0:08:41]} 35. Rxd5 {[%clk 0:01:27]} Ne7 {[%clk 0:07:00]} 36. Rxc5
{[%clk 0:01:14]} Rxh2 {[%clk 0:06:42]} 37. Nc6+ {[%clk 0:00:57]} Nxc6
{[%clk 0:07:10]} 38. Rxc6 {[%clk 0:01:16]} Rh6 {[%clk 0:07:34]} 39. Ke2
{[%clk 0:00:36]} Kb7 {[%clk 0:07:58]} 40. Re6 {[%clk 0:00:35]} Kc8
{[%clk 0:08:26]} 41. Ke3 {[%clk 0:00:43]} Kd7 {[%clk 0:08:51]} 42. Ra6
{[%clk 0:01:05]} Ke7 {[%clk 0:09:15]} 43. c4 {[%clk 0:01:07]} Kf7
{[%clk 0:09:34]} 44. Kd4 {[%clk 0:00:52]} Rh1 {[%clk 0:08:34]} 45. Ra2
{[%clk 0:00:47]} Ke6 {[%clk 0:08:39]} 46. Kc5 {[%clk 0:00:46]} Rh8
{[%clk 0:05:42]} 47. Kb6 {[%clk 0:00:45]} Kd7 {[%clk 0:03:22]} 48. Ra7+
{[%clk 0:00:53]} Kd6 {[%clk 0:03:50]} 49. c5+ {[%clk 0:01:13]} Kd5
{[%clk 0:04:18]} 50. c6 {[%clk 0:01:11]} 1-0

[Event "20 ans"]
[Site "?"]
[Date "2016.10.22"]
[Round "8.1"]
[White "Korobov, Anton"]
[Black "Azarov, Sergei"]
[Result "1/2-1/2"]
[BlackElo "2577"]
[WhiteElo "2687"]
[LiveChessVersion "1.4.6"]

1. d4 {[%clk 1:30:55]} d5 {[%clk 1:30:48]} 2. c4 {[%clk 1:31:19]} e6
{[%clk 1:30:57]} 3. Nf3 {[%clk 1:31:44]} Nf6 {[%clk 1:31:11]} 4. Nc3
{[%clk 1:32:04]} Be7 {[%clk 1:31:13]} 5. Bg5 {[%clk 1:32:01]} h6 {[%clk 1:30:46]}
6. Bh4 {[%clk 1:32:20]} O-O {[%clk 1:30:49]} 7. e3 {[%clk 1:32:14]} b6
{[%clk 1:30:44]} 8. cxd5 {[%clk 1:32:03]} Nxd5 {[%clk 1:30:28]} 9. Bxe7
{[%clk 1:31:59]} Qxe7 {[%clk 1:30:36]} 10. Nxd5 {[%clk 1:31:14]} exd5
{[%clk 1:30:57]} 11. Rc1 {[%clk 1:31:28]} Be6 {[%clk 1:30:44]} 12. b3
{[%clk 1:30:55]} a5 {[%clk 1:27:17]} 13. Qd2 {[%clk 1:25:00]} Rc8
{[%clk 1:24:28]} 14. Bd3 {[%clk 1:22:31]} c5 {[%clk 1:23:31]} 15. O-O
{[%clk 1:22:13]} Nd7 {[%clk 1:23:17]} 16. Bb5 {[%clk 1:20:59]} Nf6
{[%clk 1:22:38]} 17. Ne5 {[%clk 1:20:30]} Rc7 {[%clk 1:24:55]} 18. f3
{[%clk 1:18:34]} Rac8 {[%clk 1:17:39]} 19. Ba6 {[%clk 1:11:06]} Ra8
{[%clk 1:17:35]} 20. Bb5 {[%clk 1:11:13]} Rac8 {[%clk 1:17:48]} 21. Ba6
{[%clk 1:11:16]} Ra8 {[%clk 1:18:03]} 22. Bb5 {[%clk 1:11:32]} Rac8
{[%clk 1:16:02]} 1/2-1/2

[Event "20 ans"]
[Site "?"]
[Date "2016.10.22"]
[Round "8.2"]
[White "Moiseenko, Alexander"]
[Black "Gharamian, Tigran"]
[Result "1-0"]
[BlackElo "2626"]
[WhiteElo "2648"]
[LiveChessVersion "1.4.6"]

1. d4 {[%clk 1:30:58]} d5 {[%clk 1:28:01]} 2. c4 {[%clk 1:30:55]} c6
{[%clk 1:28:23]} 3. Nc3 {[%clk 1:30:03]} Nf6 {[%clk 1:28:22]} 4. Nf3
{[%clk 1:29:12]} dxc4 {[%clk 1:28:10]} 5. a4 {[%clk 1:29:30]} Bf5
{[%clk 1:28:09]} 6. Nh4 {[%clk 1:27:57]} e6 {[%clk 1:28:04]} 7. Nxf5
{[%clk 1:28:15]} exf5 {[%clk 1:28:24]} 8. e3 {[%clk 1:28:38]} Bb4
{[%clk 1:28:24]} 9. Bxc4 {[%clk 1:28:58]} O-O {[%clk 1:28:39]} 10. Qc2
{[%clk 1:29:16]} g6 {[%clk 1:28:44]} 11. O-O {[%clk 1:29:35]} Nbd7
{[%clk 1:28:56]} 12. f3 {[%clk 1:29:51]} Nb6 {[%clk 1:28:50]} 13. Ba2
{[%clk 1:28:25]} Re8 {[%clk 1:28:19]} 14. Qf2 {[%clk 1:04:57]} Nbd5
{[%clk 0:48:49]} 15. Bd2 {[%clk 1:00:12]} Qa5 {[%clk 0:49:12]} 16. Rac1
{[%clk 0:45:08]} Bxc3 {[%clk 0:20:23]} 17. bxc3 {[%clk 0:43:07]} Qxa4
{[%clk 0:20:46]} 18. Bb1 {[%clk 0:41:55]} Re6 {[%clk 0:18:05]} 19. e4
{[%clk 0:40:00]} Rae8 {[%clk 0:16:39]} 20. Bd3 {[%clk 0:38:15]} Qa3
{[%clk 0:03:36]} 21. exd5 {[%clk 0:38:06]} Nxd5 {[%clk 0:04:01]} 22. Ra1
{[%clk 0:37:30]} Qd6 {[%clk 0:03:39]} 23. Rxa7 {[%clk 0:35:44]} Ne3
{[%clk 0:03:32]} 24. Bxe3 {[%clk 0:33:01]} Rxe3 {[%clk 0:03:55]} 25. Rd1
{[%clk 0:33:06]} R8e7 {[%clk 0:03:48]} 26. Ra2 {[%clk 0:31:14]} c5
{[%clk 0:03:35]} 27. Qh4 {[%clk 0:26:01]} f4 {[%clk 0:03:03]} 28. Rad2
{[%clk 0:23:15]} Kg7 {[%clk 0:02:19]} 29. Qf2 {[%clk 0:20:50]} cxd4
{[%clk 0:02:17]} 30. Bf1 {[%clk 0:20:03]} Rxc3 {[%clk 0:02:25]} 31. Qxd4+
{[%clk 0:17:46]} Qxd4+ {[%clk 0:02:34]} 32. Rxd4 {[%clk 0:18:15]} g5
{[%clk 0:02:57]} 33. Rb1 {[%clk 0:16:37]} Rcc7 {[%clk 0:02:27]} 34. Bd3
{[%clk 0:16:36]} Re3 {[%clk 0:02:18]} 35. h4 {[%clk 0:16:18]} h6 {[%clk 0:01:45]}
36. Kh2 {[%clk 0:15:29]} Rc3 {[%clk 0:00:32]} 37. Bc4 {[%clk 0:14:22]} Re7
{[%clk 0:00:53]} 38. Rb5 {[%clk 0:13:26]} f6 {[%clk 0:00:50]} 39. Bd3
{[%clk 0:13:14]} 1-0

[Event "20 ans"]
[Site "?"]
[Date "2016.10.22"]
[Round "8.3"]
[White "Andriasian, Zaven"]
[Black "Leenhouts, Koen"]
[Result "1/2-1/2"]
[BlackElo "2499"]
[WhiteElo "2622"]
[LiveChessVersion "1.4.6"]

1. e4 {[%clk 1:29:46]} c5 {[%clk 1:30:50]} 2. Nf3 {[%clk 1:29:17]} e6
{[%clk 1:31:06]} 3. Qe2 {[%clk 1:29:04]} Nc6 {[%clk 1:30:35]} 4. g3
{[%clk 1:29:26]} e5 {[%clk 1:30:06]} 5. Bg2 {[%clk 1:29:11]} Nf6 {[%clk 1:30:22]}
6. d3 {[%clk 1:28:12]} h6 {[%clk 1:30:15]} 7. Nbd2 {[%clk 1:26:34]} Be7
{[%clk 1:28:21]} 8. Nc4 {[%clk 1:26:55]} d6 {[%clk 1:27:57]} 9. O-O
{[%clk 1:26:44]} O-O {[%clk 1:26:49]} 10. c3 {[%clk 1:27:09]} Re8
{[%clk 1:25:14]} 11. a4 {[%clk 1:19:17]} Bf8 {[%clk 1:22:41]} 12. Bd2
{[%clk 1:16:04]} d5 {[%clk 1:17:49]} 13. exd5 {[%clk 1:16:24]} Nxd5
{[%clk 1:18:08]} 14. Rfd1 {[%clk 1:11:02]} Bf5 {[%clk 1:11:48]} 15. Nh4
{[%clk 1:08:57]} Nf4 {[%clk 1:07:19]} 16. Bxf4 {[%clk 0:57:04]} exf4
{[%clk 1:07:38]} 17. Qd2 {[%clk 0:56:23]} Be6 {[%clk 1:02:00]} 18. Nf3
{[%clk 0:54:03]} fxg3 {[%clk 1:01:41]} 19. hxg3 {[%clk 0:54:28]} Qd7
{[%clk 0:59:51]} 20. Qc2 {[%clk 0:46:39]} Rad8 {[%clk 0:58:54]} 21. Ne3
{[%clk 0:46:45]} Na5 {[%clk 0:53:38]} 22. Nc4 {[%clk 0:47:03]} Nc6
{[%clk 0:53:34]} 23. Ne3 {[%clk 0:47:24]} Na5 {[%clk 0:53:51]} 24. Nc4
{[%clk 0:47:47]} Nc6 {[%clk 0:54:12]} 1/2-1/2

[Event "20 ans"]
[Site "?"]
[Date "2016.10.22"]
[Round "8.4"]
[White "Antipov, Mikhail Al."]
[Black "Gledura, Benjamin"]
[Result "1-0"]
[BlackElo "2585"]
[WhiteElo "2557"]
[LiveChessVersion "1.4.6"]

1. e4 {[%clk 1:30:55]} e5 {[%clk 1:30:50]} 2. Nf3 {[%clk 1:31:20]} Nc6
{[%clk 1:31:09]} 3. Bc4 {[%clk 1:31:47]} Bc5 {[%clk 1:31:17]} 4. O-O
{[%clk 1:32:09]} Nf6 {[%clk 1:31:35]} 5. d3 {[%clk 1:32:36]} d6 {[%clk 1:31:19]}
6. c3 {[%clk 1:32:59]} a6 {[%clk 1:31:31]} 7. a4 {[%clk 1:33:16]} Ba7
{[%clk 1:30:27]} 8. Re1 {[%clk 1:33:04]} O-O {[%clk 1:28:45]} 9. h3
{[%clk 1:32:58]} h6 {[%clk 1:24:57]} 10. Nbd2 {[%clk 1:32:58]} Nh5
{[%clk 1:21:52]} 11. Nf1 {[%clk 1:27:23]} Qf6 {[%clk 1:20:44]} 12. Be3
{[%clk 1:13:49]} Nf4 {[%clk 1:09:46]} 13. d4 {[%clk 1:09:40]} Ne7
{[%clk 1:07:05]} 14. N1h2 {[%clk 0:58:06]} Neg6 {[%clk 0:59:36]} 15. Bf1
{[%clk 0:55:48]} Re8 {[%clk 0:54:45]} 16. Qd2 {[%clk 0:49:29]} exd4
{[%clk 0:51:08]} 17. Bxd4 {[%clk 0:48:55]} Qe7 {[%clk 0:50:54]} 18. Rad1
{[%clk 0:38:54]} Bd7 {[%clk 0:41:14]} 19. a5 {[%clk 0:38:48]} Ba4
{[%clk 0:36:07]} 20. Ra1 {[%clk 0:39:12]} Bc6 {[%clk 0:35:15]} 21. g3
{[%clk 0:35:23]} Ne6 {[%clk 0:35:25]} 22. Bxa7 {[%clk 0:35:46]} Rxa7
{[%clk 0:35:53]} 23. Nd4 {[%clk 0:34:45]} Nxd4 {[%clk 0:35:32]} 24. cxd4
{[%clk 0:34:20]} Raa8 {[%clk 0:33:40]} 25. Bg2 {[%clk 0:29:48]} Qd7
{[%clk 0:33:24]} 26. f4 {[%clk 0:22:51]} Re7 {[%clk 0:31:21]} 27. f5
{[%clk 0:22:36]} Nf8 {[%clk 0:28:40]} 28. f6 {[%clk 0:23:02]} Ree8
{[%clk 0:28:40]} 29. fxg7 {[%clk 0:23:22]} Nh7 {[%clk 0:28:38]} 30. d5
{[%clk 0:18:32]} Bb5 {[%clk 0:29:00]} 31. Qxh6 {[%clk 0:18:55]} f6
{[%clk 0:29:09]} 32. Rac1 {[%clk 0:17:45]} Rac8 {[%clk 0:29:30]} 33. Bf3
{[%clk 0:16:59]} Qxg7 {[%clk 0:29:32]} 34. Qxg7+ {[%clk 0:17:21]} Kxg7
{[%clk 0:29:57]} 35. Bg4 {[%clk 0:17:47]} c5 {[%clk 0:30:16]} 36. Bxc8
{[%clk 0:18:05]} Rxc8 {[%clk 0:30:42]} 37. Nf3 {[%clk 0:18:05]} Re8
{[%clk 0:30:50]} 38. Nh4 {[%clk 0:17:15]} Ng5 {[%clk 0:31:10]} 39. Nf5+
{[%clk 0:16:51]} Kg6 {[%clk 0:31:34]} 40. Nxd6 {[%clk 0:17:15]} Nf3+
{[%clk 0:31:34]} 41. Kf2 {[%clk 0:17:30]} Nxe1 {[%clk 0:31:59]} 42. Rxe1
{[%clk 0:17:56]} 1-0

[Event "20 ans"]
[Site "?"]
[Date "2016.10.22"]
[Round "8.5"]
[White "Delorme, Axel"]
[Black "Deac, Bogdan-Daniel"]
[Result "1/2-1/2"]
[BlackElo "2543"]
[WhiteElo "2513"]
[LiveChessVersion "1.4.6"]

1. d4 {[%clk 1:30:58]} Nf6 {[%clk 1:30:56]} 2. Nf3 {[%clk 1:31:22]} g6
{[%clk 1:31:22]} 3. g3 {[%clk 1:31:49]} Bg7 {[%clk 1:31:34]} 4. Bg2
{[%clk 1:32:14]} O-O {[%clk 1:31:16]} 5. O-O {[%clk 1:32:40]} d6 {[%clk 1:31:22]}
6. b3 {[%clk 1:33:06]} c5 {[%clk 1:31:43]} 7. c4 {[%clk 1:33:31]} d5
{[%clk 1:28:05]} 8. cxd5 {[%clk 1:27:43]} Nxd5 {[%clk 1:27:23]} 9. Bb2
{[%clk 1:27:32]} Nc6 {[%clk 1:26:49]} 10. Qd2 {[%clk 1:25:46]} Nc7
{[%clk 0:52:10]} 11. Rd1 {[%clk 1:21:04]} Be6 {[%clk 0:52:14]} 12. Na3
{[%clk 1:10:45]} cxd4 {[%clk 0:51:54]} 13. Nxd4 {[%clk 1:10:58]} Nxd4
{[%clk 0:52:16]} 14. Bxd4 {[%clk 1:11:25]} Bxd4 {[%clk 0:52:33]} 15. Qxd4
{[%clk 1:11:51]} Qxd4 {[%clk 0:52:56]} 16. Rxd4 {[%clk 1:12:17]} Rab8
{[%clk 0:53:21]} 17. Nc4 {[%clk 0:45:39]} Nb5 {[%clk 0:52:44]} 18. Rd2
{[%clk 0:45:40]} Rfc8 {[%clk 0:49:38]} 19. Na5 {[%clk 0:41:48]} Nd6
{[%clk 0:43:05]} 20. e4 {[%clk 0:32:29]} b6 {[%clk 0:39:51]} 21. e5
{[%clk 0:32:20]} bxa5 {[%clk 0:39:08]} 22. exd6 {[%clk 0:32:33]} Rd8
{[%clk 0:39:28]} 23. Rad1 {[%clk 0:32:19]} Rxd6 {[%clk 0:39:41]} 24. Rxd6
{[%clk 0:25:56]} exd6 {[%clk 0:40:03]} 25. Rxd6 {[%clk 0:25:15]} a4
{[%clk 0:40:26]} 26. Ra6 {[%clk 0:25:10]} axb3 {[%clk 0:40:51]} 27. axb3
{[%clk 0:25:28]} Rxb3 {[%clk 0:41:15]} 28. Be4 {[%clk 0:25:36]} Rb4
{[%clk 0:35:26]} 29. f3 {[%clk 0:25:17]} Rd4 {[%clk 0:35:50]} 30. Rxa7
{[%clk 0:24:42]} Rd1+ {[%clk 0:36:11]} 31. Kg2 {[%clk 0:24:00]} Rd2+
{[%clk 0:36:35]} 32. Kg1 {[%clk 0:23:58]} Rd1+ {[%clk 0:35:52]} 33. Kg2
{[%clk 0:24:24]} Rd2+ {[%clk 0:36:17]} 1/2-1/2